| 000 | 00000nam##2200000za#4500 |
| 001 | 9.570603 |
| 003 | CaOODSP |
| 005 | 20220623092432 |
| 007 | cr ||||||||||| |
| 008 | 150406|1995||||xxc|||||o f|0| 0 eng|d |
| 040 | |aCaOODSP|beng |
| 043 | |an-cn--- |
| 086 | 1 |aC21-23/10E-PDF |
| 110 | 1 |aCanada. |bIndustry Canada. |
| 245 | 10|aEndogenous innovation and growth - implications for Canada : |h[electronic resource]|boccasional paper number 10, August 1995 / |cby Pierre Fortin and Elhanan Helpman. |
| 260 | |aOttawa - Ontario : |bIndustry Canada |cAugust 1995. |
| 300 | |a48p.|bgraphs, tables |
| 490 | 1 |aOccasional paper|vNo. 10 |
| 504 | |aBibliography. |
| 590 | |a11-09-Supp|b2011-06-30 |
| 720 | 1 |aFortin, Pierre |
| 720 | 1 |aHelpman, Elhanan |
| 775 | 08|tInnovation endogène et croissance : conséquences du point de vue canadien : |w(CaOODSP)9.601250 |
| 776 | 0#|tEndogenous innovation and growth : |w(CaOODSP)9.526446 |
| 776 | 0#|tInnovation endogène et croissance : |w(CaOODSP)9.526447 |
| 830 | #0|aOccasional paper (Canada. Industry Canada)|vNo. 10|w(CaOODSP)9.504752 |
| 856 | 40|ahttp://publications.gc.ca|qPDF|s185 KB|uhttps://publications.gc.ca/collections/Collection/C21-23-10E.pdf|yNo. 10 |